| 000 | 01994nam a2200253Ii 4500 | ||
|---|---|---|---|
| 008 | 221202s xx 000 0 und d | ||
| 100 | 1 |
_aŁuszczyńska, Maria, _eauthor |
|
| 245 | 0 | _aAgeing as a Social Challenge | |
| 246 | _aIndividual, Family and Social Aspects in Poland | ||
| 264 |
_bTaylor & Francis _c2021 |
||
| 300 | _a1 online resource (376 pages) | ||
| 336 |
_atext _btxt _2rdacontent |
||
| 337 |
_acomputer _bc _2rdamedia |
||
| 338 |
_aonline resource _bcr _2rdacarrier |
||
| 490 | _aSocial Perspectives on Ageing and Later Life | ||
| 520 | _aWith a focus on the case of Poland, where an aging population poses a crucial challenge for the state's social, family, and gerontological policy, this book explores ageing as a personal and social phenomenon, considering the ways in which the experience of ageing is shaped by younger generations' attitudes, government support policies, local initiatives undertaken help older people stay active, and the ways in which the elderly themselves understand their own mortality. Employing demographic, philosophical, legal, psychological, gerontological perspectives, it emphasises activities that can support older adults locally or nationwide and proposes the development of a social policy and social attitudes that can facilitate changes in the social perception of aging, together with a redistribution of resources for older adults. As such, it will appeal to scholars across the social sciences with interests in ageing and the lifecourse, as well as those who wish to support older adults with concrete solutions and familiarize themselves with the aging process from an individual and social perspective. | ||
| 653 | _a Ageing Research | ||
| 653 | _a Aging | ||
| 653 | _a Death And Dying | ||
| 653 | _a Elderly | ||
| 653 | _aAgeing | ||
| 856 |
_uhttps://docs.google.com/spreadsheets/d/1yKIrdCPDAG_9c22mwoOIO2DOhtj65Wqa/edit?usp=sharing&ouid=106555315294820607512&rtpof=true&sd=true _yList of Curated E-Books |
||
| 942 | _cE-BOOK | ||
| 999 |
_c91547 _d91544 |
||